000 00434nam a2200181Ia 4500
008 210210b1924 xxu||||| |||| 00| 0 eng d
041 _aeng
082 _a829/1168
100 _aTROLLOPE (A)
245 _aAdventures of Tom Sawyer
260 _aLondon
_bGeorge G Harrap and Company Limited
_c1924
650 _aTom
650 _aSawyer
650 _aof
650 _aAdventures
690 _aEnglish Fiction
906 _a017780
999 _c137764
_d137764